Państwa Afryki w kolejności alfabetycznej - Statystyki

Ogólne statystyki
  • Ten quiz został rozwiązany 21 razy
  • Średni wynik to 40 z 54
Odpowiedzi na mapie
Odpowiedzi zakodowano w zielono-czerwonej skali na mapie do tego quizu, zgodnie z poniższymi procentami.
 
Statystyki odpowiedzi
Państwo % Poprawnych
Algieria
100%
Angola
83%
Benin
83%
Botswana
83%
Burundi
83%
Czad
83%
Demokratyczna Republika Konga
83%
Dżibuti
83%
Egipt
83%
Erytrea
83%
Eswatini
83%
Etiopia
83%
Gabon
83%
Gambia
83%
Ghana
83%
Gwinea
83%
Gwinea Bissau
83%
Gwinea Równikowa
83%
Kamerun
83%
Komory
83%
Liberia
83%
Libia
83%
Burkina Faso
78%
Kenia
78%
Lesotho
78%
Madagaskar
78%
Mozambik
78%
Namibia
78%
Niger
78%
Nigeria
78%
Kongo
72%
Malawi
72%
Mali
72%
Maroko
72%
Mauretania
72%
Mauritius
72%
Republika Południowej Afryki
72%
Rwanda
72%
Republika Środkowoafrykańska
67%
Republika Zielonego Przylądka
67%
Senegal
67%
Sudan
67%
Seszele
61%
Somalia
61%
Sudan Południowy
61%
Zambia
61%
Zimbabwe
61%
Sierra Leone
56%
Uganda
56%
Tanzania
50%
Togo
50%
Tunezja
50%
Wybrzeże Kości Słoniowej
50%
Wyspy Świętego Tomasza i Książęca
44%
Nie znaleziono quizów pasujących do podanych kryteriów
Rozkład punktacji
Procent ludzi z każdym wynikiem
Percentyl według liczby udzielonych odpowiedzi
Twoja historia wyników
Nie rozwiązałeś tego quizu